| 000 | 00692cab a2200253 4500 | ||
|---|---|---|---|
| 001 | ABS60592 | ||
| 008 | 090401t1999 xxu||||| |||| 00| 0 eng d | ||
| 035 | _a(Sirsi) u92963 | ||
| 041 | _aeng | ||
| 100 | _aCrathorne, R. | ||
| 245 | _aPerceiving the appeal of a green portfolio | ||
| 260 | _c1999 | ||
| 350 | _a0 | ||
| 490 |
_aProperty Week _v64 (15) 16 April 1999, 34(1) |
||
| 650 | _aACCESS TO THE COUNTRYSIDE | ||
| 650 | _aPROPERTY-RURAL AND NATURAL ASSETS-AGRICULTURAL PROPERTY-AGRICULTURAL LAND | ||
| 650 | _aFARMLAND | ||
| 650 | _aINVESTMENT | ||
| 650 | _aINVESTORS | ||
| 650 | _aRURAL DIVERSIFICATION | ||
| 690 | _aRURAL PRACTICE | ||
| 942 | _n0 | ||
| 948 | _c26/04/1999 | ||
| 999 |
_c58918 _d58918 |
||